অসমৰ লোক সংস্কৃতি / (Record no. 1069338)

MARC details
000 -LEADER
fixed length control field 01273nam a2200337 a 4500
001 - CONTROL NUMBER
control field vtls001619707
003 - CONTROL NUMBER IDENTIFIER
control field NLI
005 - DATE AND TIME OF LATEST TRANSACTION
control field 20210628133935.0
008 - FIXED-LENGTH DATA ELEMENTS--GENERAL INFORMATION
fixed length control field 121214s1967 ii c 000 0 asm
020 ## - INTERNATIONAL STANDARD BOOK NUMBER
Terms of availability Rs. 12.00
039 #9 - LEVEL OF BIBLIOGRAPHIC CONTROL AND CODING DETAIL [OBSOLETE]
-- 201212141943
-- VLOAD
040 ## - CATALOGING SOURCE
Original cataloging agency NLI
Language of cataloging asmeng
Transcribing agency Datasoft_Assamese
Description conventions AACR2
041 0# - LANGUAGE CODE
Language code of text/sound track or separate title asm
044 ## - COUNTRY OF PUBLISHING/PRODUCING ENTITY CODE
MARC country code ii
082 04 - DEWEY DECIMAL CLASSIFICATION NUMBER
Classification number 398.3095416
100 1# - MAIN ENTRY--PERSONAL NAME
Linkage 880-01
Personal name ৱৰুৱা, ৱিৰিঞ্চিকুমাৰ
9 (RLIN) 678533
245 10 - TITLE STATEMENT
Linkage 880-02
Title অসমৰ লোক সংস্কৃতি /
Statement of responsibility, etc. ৱিৰিঞ্চিকুমাৰ ৱৰুৱা
260 ## - PUBLICATION, DISTRIBUTION, ETC.
Place of publication, distribution, etc. গুৱাহাটী :
Name of publisher, distributor, etc. শান্তিছায়া ৱৰুৱা,
Date of publication, distribution, etc. 1967
300 ## - PHYSICAL DESCRIPTION
Extent vi, 299 p. :
Other physical details ports. ;
Dimensions 22 cm.
500 ## - GENERAL NOTE
General note Library has 2 cops.
650 #0 - SUBJECT ADDED ENTRY--TOPICAL TERM
Topical term or geographic name entry element Folklore
Geographic subdivision India
-- Assam
9 (RLIN) 898132
650 #0 - SUBJECT ADDED ENTRY--TOPICAL TERM
Topical term or geographic name entry element Fairy tales
Geographic subdivision India
-- Assam
9 (RLIN) 1075133
880 10 - ALTERNATE GRAPHIC REPRESENTATION
Linkage 245-02(B
a Asamar lok saṁskṛti /
c Biriñcikumār Barubā
880 ## - ALTERNATE GRAPHIC REPRESENTATION
Linkage 100-01(B
a Barubā, Biriñcikumār
887 ## - NON-MARC INFORMATION FIELD
Content of non-MARC field Soma Chatterjee (02.05.2012) Riya
901 ## - LOCAL DATA ELEMENT A, LDA (RLIN)
a 2031
b 22.04.1970
9 c.2
902 ## - LOCAL DATA ELEMENT B, LDB (RLIN)
a A 398.3095416 B 7584 a
904 ## - LOCAL DATA ELEMENT D, LDD (RLIN)
c Soma Chatterjee (02.05.2012) Riya
l A 300
949 ## - LOCAL PROCESSING INFORMATION (OCLC)
-- VIRTUAITEM
-- 10000
-- 100
6 DBA000002031ASM
942 ## - ADDED ENTRY ELEMENTS (KOHA)
Source of classification or shelving scheme Dewey Decimal Classification
Koha item type Books
Holdings
Withdrawn status Lost status Damaged status Not for loan Collection code Home library Current library Shelving location Date acquired Total Checkouts Full call number Barcode Date last seen Price effective from Koha item type
        Assamese National Library of India National Library of India Assamese - Books - Main Stack Division     A 398.3095416 B 7584 a DBA000002031ASM 28/06/2021 28/06/2021 Books
                                                                           
web counter

Copyright ©2020 The National Library of India, Govt. of India ↔ Hosted by NVLI, MOC ↔ Technology and Design by National Library of India, Ministry of Culture, Govt. of India